Directors A-Z - Statistics

General Stats
  • This quiz has been taken 187 times
  • The average score is 16 of 24
Answer Stats
Hint Director % Correct
N Directed "The Dark Knight" trilogy Christopher Nolan
95%
H Often nicknamed "The Master of Suspense" Alfred Hitchcock
93%
J Famous for "The Lord of the Rings" and "The Hobbit" trilogies Peter Jackson
90%
C "Lost in Translation" director who starred in "The Godfather Part III" Sofia Coppola
90%
P He took refuge to France after drugging and raping a 13 year old girl Roman Polanski
86%
W He wrote "Citizen Kane" with Herman J. Mankiewicz... or did he? Orson Welles
84%
S Highest-paid film director of all time Steven Spielberg
84%
Z He directed "Forrest Gump" and "Back to the Future" Robert Zemeckis
81%
L Made "Brokeback Mountain" / "Crouching Tiger, Hidden Dragon" / "Life of Pi" Ang Lee
78%
T He "steals from every single movie ever made" Quentin Tarantino
76%
K Japanese director who made "Seven Samurai" and "Rashomon" Akira Kurosawa
75%
G Wife of Noah Baumbach; directed "Lady Bird" and "Little Women" Greta Gerwig
75%
B First female director to win the Oscar for Best Director, James Cameron's ex Kathryn Bigelow
68%
D Mexican fairy tale director whose movies appear blueish Guillermo del Toro
66%
F The word "paparazzi" derives from one of this director's films Federico Fellini
62%
V Critically acclaimed Canadian director who made "Blade Runner 2049", "Arrival", "Sicario" and "Prisoners" Denis Villeneuve
60%
I Considered as the "Three Amigos" with D and Alfonso Cuarón Alejandro González Iñárritu
58%
E Was the mayor of Carmel-by-the-Sea, California Clint Eastwood
56%
O He directed and starred in three of Shakespeare's film adaptations.They were "Henry V", "Hamlet" and "Richard III" Laurence Olivier
52%
R Promoted the Sundance Film Festival Robert Redford
48%
Y He directed the final four films in the "Harry Potter" series and the entire "Fantastic Beasts" series David Yates
46%
M Kate Winslet's ex husband, 2003–2011 Sam Mendes
40%
A His real first name is "Heywood" Woody Allen
26%
U Actor-director who made "Billy Budd" Peter Ustinov
18%
No matching quizzes found
Score Distribution
Percent of People with Each Score
Percentile by Number Answered
Your Score History
You have not taken this quiz